000 00483nam a2200181Ia 4500
008 240925s9999 xx 000 0 und d
020 _a9789812656162
082 _a378.240941 AHM
100 _aAhmed ,Kamarul Zaman Bin
245 0 _aPhD The Pursuit of Excellence
250 _aNA
260 _aAustralia:
_bThomson Learning
_c,2007.
300 _axvii,942p.
_bNA
_fOriginal
500 _aIncludes Index
600 _aSocial Sciences
650 _aSocial Sciences
942 _cBK
999 _c10544
_d10544